| 000 | 00951cab a2200325 4500 | ||
|---|---|---|---|
| 001 | ABS47517 | ||
| 008 | 090401t1992 xxu||||| |||| 00| 0 eng d | ||
| 035 | _a(Sirsi) u62352 | ||
| 041 | _aeng | ||
| 245 | _aOwlion - the first ten years | ||
| 260 | _c1992 | ||
| 350 | _a0 | ||
| 490 |
_aCSM (Chartered Surveyor Monthly) _v2(3) November 1992, 1-13(3) |
||
| 520 | _aDiscusses the success of Owlion Tapes ten years after their launch in 1982. Reviews a selection of recent titles. | ||
| 650 | _aALTERNATIVE DISPUTE RESOLUTION | ||
| 650 | _aASSET VALUATION | ||
| 650 | _aAUDIO CASSETTES | ||
| 650 | _aCPD | ||
| 650 | _aCRIME PREVENTION | ||
| 650 | _aESTATE AGENTS ACT 1979 | ||
| 650 | _aBUILT ENVIRONMENT-BUILDING MAINTENANCE AND REFURBISHMENT | ||
| 650 | _aMENTOR | ||
| 650 | _aOWLION | ||
| 650 | _aRENT REVIEWS | ||
| 650 | _aRICS | ||
| 650 | _aSCHOOLS | ||
| 690 | _aPROFESSIONAL PRACTICE | ||
| 942 | _n0 | ||
| 948 | _c04/03/1997 | ||
| 999 |
_c38754 _d38754 |
||